海岸線が長い都道府県TOP20 -サンバツ - - Statistics

General Stats
  • This quiz has been taken 343 times
  • The average score is 9 of 20
Answers on the Grid
Answers color-coded by a green-red scale on the quiz's grid according to % correct below.
北海道
青森県
岩手県
宮城県
秋田県
山形県
福島県
茨城県
栃木県
群馬県
埼玉県
千葉県
東京都
神奈川県
新潟県
富山県
石川県
福井県
山梨県
長野県
岐阜県
静岡県
愛知県
三重県
滋賀県
京都府
大阪府
兵庫県
奈良県
和歌山県
鳥取県
島根県
岡山県
広島県
山口県
徳島県
香川県
愛媛県
高知県
福岡県
佐賀県
長崎県
熊本県
大分県
宮崎県
鹿児島県
沖縄県
 
Answer Stats
Answer % Correct
4,460,605 北海道
99%
710,780 岩手県
82%
4,183,357 長崎県
77%
2,037,408 沖縄県
74%
2,665,649 鹿児島県
72%
796,480 青森県
68%
829,868 宮城県
50%
1,128,401 広島県
42%
1,716,426 愛媛県
41%
762,931 東京都
40%
717,872 高知県
36%
1,077,799 熊本県
35%
1,580,060 山口県
31%
1,140,150 三重県
28%
1,026,906 島根県
25%
850,499 兵庫県
24%
669,423 愛知県
12%
737,272 香川県
12%
691,969 福岡県
10%
774,175 大分県
10%
No matching quizzes found
Score Distribution
Percent of People with Each Score
Percentile by Number Answered
Your Score History
You have not taken this quiz